English Lyrics in EXO's Monster - Statistics

General Stats
  • This quiz has been taken 1,530 times
  • The average score is 101 of 136
Answer Stats
Answer % Correct
me
96%
me)
96%
monster
96%
monster)
96%
You
96%
you
96%
(You
96%
call
93%
I
93%
can
87%
crazy
84%
heart,
84%
got
82%
creeping
79%
Creeping,
79%
creeping,
79%
in
79%
She
79%
she
79%
your
79%
babe
78%
I'm
77%
do
75%
do?)
75%
Love
73%
be
71%
going
71%
the
70%
is
68%
way
67%
Don't
65%
afraid,
64%
it
61%
Yeah,
60%
yeah
60%
yeah,
60%
Yeah~
60%
Shawty,
59%
so
54%
Goddess
52%
my
51%
(Oh
50%
oh
50%
Oh,
50%
girl
49%
girl,
49%
man
44%
right,
44%
Come
43%
make
43%
That's
43%
here,
42%
here
42%
type
42%
untouchable
42%
know
40%
sorry,
40%
we
29%
(How
24%
(Who?)
20%
No matching quizzes found
Score Distribution
Percent of People with Each Score
Percentile by Number Answered
Your Score History
You have not taken this quiz